Vale todo [juego] /

Guardado en:
Formato: Objeto Físico
Publicado: Argentina : Juegos Casino, [199?]
Materias:
Etiquetas: Agregar Etiqueta
Sin Etiquetas, Sea el primero en etiquetar este registro!
LEADER 00668nrm a22001575g 4500
001 CEM.cems019271
008 130507b199?##################0###0#####d
005 20220830104757.0
003 CEMS
245 0 0 |a Vale todo [juego] /  |c Casino 
260 |a Argentina :  |b Juegos Casino,  |c [199?] 
300 |a 1 juego (108 cartas especiales 76 cartas de números y 32 cartas de órdenes) ; en estuche de cartón 12 x 9 x 2 cm. + manual de instrucciones. 
500 |a Para 2 a 10 jugadores a partir de 7 años y adultos objetivo: librarse de las cartas propias antes que los demás. 
082 0 4 |a J795.4 
653 |a 1. juegos de cartas 
859 |a CEMS  |b BIB. CEMS - Ludoteca  |h J795.4  |i C27  |p 131.97  |t Ej.1